000 00342pam a2200157a 44500
008 230515b1984 xxu||||| |||| 00| 0 eng d
020 _aNULL
041 _aENGL
082 _a515.43/SHA
100 _aSHANTI NARAYAN
245 _aINTEGRAL CALCULUS
250 _aB27
260 _aNULL
_bC.B.S
_c1984
300 _a328 PB
650 _aNULL
999 _c614835
_d614835